000 00582nam a2200241Ia 4500
003 OSt
005 20220924144507.0
006 a|||||r|||| 00| 0
007 ta
008 220923b |||||||| |||| 00| 0 urd d
020 _c150
024 _a315007
037 _cTextual
040 _aARTS
_cARTS
_burd
041 _2urd
_aurd
082 _aO168,1N371x, N8
100 _aKheti Raj
_9217727
245 0 _aKhuli dhoop main
260 _c1998
650 _aURDU POETRY
942 _hO168,1N371x, N8
_cTEXL
_2CC
999 _c457239
_d457239